| 000 | 01542ccm a22003494a 4500 | ||
|---|---|---|---|
| 999 |
_c27382 _d27382 |
||
| 001 | 12034085 | ||
| 003 | OSt | ||
| 005 | 20170208113344.0 | ||
| 008 | 000608s1995 nyusgm r n eng | ||
| 010 | _a 00526276 | ||
| 020 | _a0022950621 (Teacher's edition, grade 6) | ||
| 020 | _a0022951369 (Teacher's edition, grade 6, Texas edition) | ||
| 024 | 3 |
_a9780022950620 _d99301 (Teacher's edition, grade 6) |
|
| 024 | 3 |
_a9780022951369 _d99301 (Teacher's edition, grade 6, Texas edition) |
|
| 028 | 3 | 2 |
_aSM.293020 _bMacmillan/McGraw-Hill |
| 040 |
_aDLC _cDLC |
||
| 042 | _apcc | ||
| 043 |
_an-us--- _an-us-tx |
||
| 050 | 0 | 0 |
_aMT930 _b.S46 1995 |
| 245 | 0 | 0 |
_aShare the music / _ccoordinating authors, Judy Bond ... [et al.] ; authors, René Boyer-White ... [et al.]. |
| 260 |
_aNew York : _bMacmillan/McGraw-Hill, _cc1995. |
||
| 300 |
_a1 score (3 v.) : _bill. ; _c28-31 cm. + _e11 sound discs (digital ; 4 3/4 in.) |
||
| 500 | _aCompact discs in container (29 x 14 x 17 cm.) | ||
| 505 | 0 | _agrade 6. Teacher's edition ; Teacher's edition : Texas edition ; Piano accompaniments : teacher's edition ; Compact discs. | |
| 650 | 0 |
_aSchool music _xInstruction and study _zUnited States. |
|
| 650 | 0 |
_aSchool music _xInstruction and study _zTexas. |
|
| 650 | 0 |
_aMusic _xInstruction and study _vJuvenile. |
|
| 700 | 1 | _aBond, Judy. | |
| 700 | 1 | _aBoyer-Alexander, René. | |
| 906 |
_a7 _bcbc _corignew _d2 _encip _f20 _gy-genmusic |
||
| 942 |
_2lcc _cBOOKS _hMT 7 .S53 1998 |
||